000 00351nam a2200145Ia 4500
008 230917s9999||||xx |||||||||||||| ||und||
040 _e48069
_aMAIN
041 _aEnglish
082 _a852.09 J718O
100 _aJones, John
245 0 _aAristotle and Greek tragedy
260 _aLondon
_bChatta and Windus
_c1968
300 _a284 p.
942 _cBK
999 _c80811
_d80811